| 000 | 00883nam a2200205 a 4500 | ||
|---|---|---|---|
| 003 | 0 | ||
| 005 | 20250609105648.0 | ||
| 008 | 021127s19uu xx 00 eng d | ||
| 050 |
_aPHS RC 516 _b.B46 2001 |
||
| 100 | _aBenitez, Jennifer Jones. | ||
| 245 |
_aPerceptions and awareness of parents, teachers, and fourth year high school students regarding the bipolar disease / _cJennifer Jones Benitez. |
||
| 260 |
_aLas PiƱas City, Philippines : _bSouthville International School and Colleges, _c2001. |
||
| 300 |
_a43 pages : _billustrations ; _c28 cm. |
||
| 504 | _aIncludes bibliographical references. | ||
| 650 |
_aBipolar disorder _xPublic opinion _zPhilippines. |
||
| 650 |
_aBipolar disorder _xPsychological aspects _zPhilippines |
||
| 650 |
_aMental illness _xStudy and teaching (Secondary) _zPhilippines. |
||
| 650 |
_aMental health education _zPhilippines. |
||
| 942 |
_2lcc _cPASS |
||
| 999 |
_c96464 _d96464 |
||